000 00747cam a22002291 4500
001 ca 36000272
003 DLC
005 20260227111140.0
008 790817s1936 maua 000 0 eng
010 _aca 36000272
035 _a(OCoLC)5283251
040 _aDLC
_cOCl
_dDLC
042 _apremarc
050 0 0 _aPS3535.A2777
_bG53 1936
082 _a812.5
100 1 _aMcMullen, J. C.
_q(Joseph Carl),
_d1882-
245 1 4 _aThe girl from Brittany;
_ba farce in three acts,
_cby J. C. McMullen and Anthony E. Wills.
260 _aBoston, Mass.,
_aLos Angeles, Cal.
_b[Walter H. Baker company,
_cc1936]
300 _a2 p. l., [3]-84 p.
_bdiagr.
_c19 cm.
490 0 _aBaker's edition of plays
700 1 _aWills, Anthony E.,
_d1880-
_ejoint author.
999 _c18054
_d18054